Environmental education : (Record no. 10730)

MARC details
000 -LEADER
fixed length control field 00608cam a2200205ua 4500
008 - FIXED-LENGTH DATA ELEMENTS--GENERAL INFORMATION
fixed length control field 191203n ii |||gr||||Z||||||eng
020 ## - INTERNATIONAL STANDARD BOOK NUMBER
International Standard Book Number 9789382420262
040 ## - CATALOGING SOURCE
Transcribing agency MAIN
082 ## - DEWEY DECIMAL CLASSIFICATION NUMBER
Classification number 363.70071054
100 ## - MAIN ENTRY--PERSONAL NAME
Personal name Goutam Chakraborty . ,
Relator term
245 ## - TITLE STATEMENT
Title Environmental education :
Remainder of title achievements in psycho-social factors /
Statement of responsibility, etc. By Goutam Chakraborty .
250 ## - EDITION STATEMENT
Edition statement 1st ed.
260 ## - PUBLICATION, DISTRIBUTION, ETC.
Place of publication, distribution, etc. Delhi:
Name of publisher, distributor, etc. Kunal Books,
Date of publication, distribution, etc. 2013.
300 ## - PHYSICAL DESCRIPTION
Extent 185p.
700 ## - ADDED ENTRY--PERSONAL NAME
Personal name Shyam Sundar Bairagya,
Relator term
700 ## - ADDED ENTRY--PERSONAL NAME
Personal name Jayanta Mete,
Relator term
942 ## - ADDED ENTRY ELEMENTS (KOHA)
Koha item type Books
653 ## - INDEX TERM--UNCONTROLLED
Uncontrolled term Other social problems & services
Holdings
Withdrawn status Lost status Damaged status Not for loan Home library Current library Shelving location Date acquired Total Checkouts Full call number Barcode Date last seen Date last checked out Copy number Price effective from Koha item type
        Central Library, Naharkatiya College Central Library, Naharkatiya College General Stacks 19/09/2020 1 363.70071054Social Science | CHA 24625 12/04/2024 27/03/2024 1 19/09/2020 Books

Naharkatiya College © 2020. All rights reserved.

Powered By